| Tag |
First Indicator |
Second Indicator |
Subfields |
| LEADER |
00000cam a2200000 a 4500 |
| 001 |
in00001234911 |
| 005 |
20151003060911.0 |
| 008 |
930824s1994 nyua b 001 0beng |
| 010 |
|
|
|a 93034404
|
| 020 |
|
|
|a 0393034976 :
|c $30.00 USA ($37.50 CAN)
|
| 035 |
|
|
|a (OCoLC)28888359
|
| 035 |
|
|
|9 AGS2869AM
|
| 040 |
|
|
|a DLC
|c DLC
|d UtOrBLW
|
| 043 |
|
|
|a e------
|
| 049 |
|
|
|a TXAM
|
| 050 |
0 |
0 |
|a D413.M56
|b D73 1994
|
| 082 |
0 |
0 |
|a 940.5/092
|a B
|2 20
|
| 100 |
1 |
|
|a Duchêne, François.
|
| 245 |
1 |
0 |
|a Jean Monnet :
|b the first statesman of interdependence /
|c François Duchêne.
|
| 250 |
|
|
|a 1st ed.
|
| 264 |
|
1 |
|a New York :
|b Norton,
|c [1994]
|
| 264 |
|
4 |
|c ©1994
|
| 300 |
|
|
|a 478 pages :
|b illustrations ;
|c 25 cm.
|
| 336 |
|
|
|a text
|b txt
|2 rdacontent
|
| 337 |
|
|
|a unmediated
|b n
|2 rdamedia
|
| 338 |
|
|
|a volume
|b nc
|2 rdacarrier
|
| 504 |
|
|
|a Includes bibliographical references (pages 447-458) and index.
|
| 600 |
1 |
0 |
|a Monnet, Jean,
|d 1888-1979.
|
| 650 |
|
0 |
|a Statesmen
|z Europe
|v Biography.
|
| 650 |
|
0 |
|a European federation.
|
| 700 |
1 |
|
|a Monnet, Jean,
|d 1888-1979.
|
| 999 |
|
|
|a MARS
|
| 999 |
f |
f |
|s 44066c58-c562-33c7-a5bf-5fdc90c917ba
|i 123d4697-95dc-3257-8f7f-243d8826ba20
|t 0
|
| 952 |
f |
f |
|p ric
|a Texas A&M University
|b Rellis Campus
|c Joint Library Facility
|d Remote Storage
|t 0
|e D413.M56 D73 1994
|h Library of Congress classification
|i unmediated -- volume
|m A14819313938
|
| 998 |
f |
f |
|a D413.M56 D73 1994
|t 0
|l Remote Storage
|